| 000 | 01028nam a2200253Ia 4500 | ||
|---|---|---|---|
| 003 | OSt | ||
| 005 | 20221005110246.0 | ||
| 006 | a|||||r|||| 00| 0 | ||
| 007 | ta | ||
| 008 | 221004b |||||||| |||| 00| 0 hin d | ||
| 020 |
_a9788126025565 (pbk) _c375 |
||
| 024 | _a93112 | ||
| 037 |
_b525, 19/03/2009, Vani Prakashan _cTextual |
||
| 040 |
_aCRL _cCRL _bhin |
||
| 041 |
_2hin _ahin |
||
| 082 | _aO152,6N03x, P8 | ||
| 100 | _aतिवारी, विश्वनाथ प्रसाद, संपा. | ||
| 245 | 0 | _aलक्ष्मीनारायण मिश्र का रचना संसार | |
| 246 | _aLakṣhmīnārāyaṇ mishra kā rachanā sansāra | ||
| 260 |
_aनई दिल्ली _bसाहित्य अकादेमी भारतु _c2008 |
||
| 300 |
_a119पृ0 _ccm. |
||
| 942 |
_hO152,6N03x, P8 _cTEXL _2cc |
||
| 999 |
_c1018248 _d1018248 |
||